Commercial real estate analysis and investments / (Record no. 267)

000 -LEADER
fixed length control field 01580cam a22003614a 4500
001 - CONTROL NUMBER
control field 14786000
003 - CONTROL NUMBER IDENTIFIER
control field OSt
005 - DATE AND TIME OF LATEST TRANSACTION
control field 20140116120823.0
008 - FIXED-LENGTH DATA ELEMENTS--GENERAL INFORMATION
fixed length control field 070327s2007 njua b 001 0 eng
010 ## - LIBRARY OF CONGRESS CONTROL NUMBER
LC control number 2006908590
020 ## - INTERNATIONAL STANDARD BOOK NUMBER
International Standard Book Number 9780324382129
040 ## - CATALOGING SOURCE
Original cataloging agency DLC
Transcribing agency DLC
050 00 - LIBRARY OF CONGRESS CALL NUMBER
Classification number HD1393.55.G45 2007
245 00 - TITLE STATEMENT
Title Commercial real estate analysis and investments /
Statement of responsibility, etc David M. Geltner ... [et al.].
250 ## - EDITION STATEMENT
Edition statement 2nd ed.
260 ## - PUBLICATION, DISTRIBUTION, ETC. (IMPRINT)
Place of publication, distribution, etc Mason, Ohio :
Name of publisher, distributor, etc Thompson South-Western,
Date of publication, distribution, etc 2007.
300 ## - PHYSICAL DESCRIPTION
Extent xxx, 848 p. :
Other physical details ill.
500 ## - GENERAL NOTE
General note Rev. ed. of: Commercial real estate analysis and investments / David M. Geltner, Norman G. Miller. 2001.
504 ## - BIBLIOGRAPHY, ETC. NOTE
Bibliography, etc Includes bibliographical references and index.
505 ## - FORMATTED CONTENTS NOTE
Formatted contents note Introduction to real estate economics-- Urban economics and real estate market analysis-- Basic financial economic concepts and tools-- Real estate valuation and investment analysis at the micro-level-- Completing the basic investment analysis picture-- Mortgages from an investment perspective-- Macro-level real estate investment issues-- Real estate development and other selected topics.
650 #0 - SUBJECT ADDED ENTRY--TOPICAL TERM
Topical term or geographic name as entry element Commercial real estate.
650 #0 - SUBJECT ADDED ENTRY--TOPICAL TERM
Topical term or geographic name as entry element Real estate investment.
650 #0 - SUBJECT ADDED ENTRY--TOPICAL TERM
Topical term or geographic name as entry element Mortgages.
650 #0 - SUBJECT ADDED ENTRY--TOPICAL TERM
Topical term or geographic name as entry element Real property and taxation.
650 #0 - SUBJECT ADDED ENTRY--TOPICAL TERM
Topical term or geographic name as entry element Land use, Urban.
700 1# - ADDED ENTRY--PERSONAL NAME
Personal name Geltner, David,
Title of a work Commercial real estate analysis and investments.
700 1# - ADDED ENTRY--PERSONAL NAME
Personal name Miller, Norman G.
700 1# - ADDED ENTRY--PERSONAL NAME
Personal name Clayton, Jim
700 1# - ADDED ENTRY--PERSONAL NAME
Personal name Eichholtz, Piet
906 ## - LOCAL DATA ELEMENT F, LDF (RLIN)
a 7
b cbc
c origcop
d 3
e ocip
f 20
g y-gencatlg
942 ## - ADDED ENTRY ELEMENTS (KOHA)
Source of classification or shelving scheme
Koha item type Book
Holdings
Withdrawn status Lost status Source of classification or shelving scheme Damaged status Not for loan Home library Current library Date acquired Source of acquisition Total Checkouts Full call number Barcode Date last seen Copy number Price effective from Koha item type Date checked out
          Riara University Library Riara University Library 13/10/2011 Purchase   HD1393.55.G45 2007 1996/11 13/10/2011 C.1 13/10/2011 Book  
          Riara University Library Riara University Library 13/10/2011 Purchase   HD1393.55.G45 2007 1994/11 13/10/2011 C.2 13/10/2011 Book  
          Riara University Library Riara University Library 13/10/2011 Purchase 6 HD1393.55.G45 2007 1995/11 01/12/2023 C.3 13/10/2011 Book 14/10/2023

Riara University Library,
P.O. Box 49940-00100,
Nairobi, Kenya.